The Constitution of Pakistan 1973 Comments and Comparison (Record no. 565272)
[ view plain ]
| 000 -LEADER | |
|---|---|
| fixed length control field | 00317nam a2200109Ia 4500 |
| 008 - FIXED-LENGTH DATA ELEMENTS--GENERAL INFORMATION | |
| fixed length control field | 210430s9999 xx 000 0 und d |
| 082 ## - DEWEY DECIMAL CLASSIFICATION NUMBER | |
| Classification number | 342 M2141C |
| 100 ## - MAIN ENTRY--PERSONAL NAME | |
| Personal name | Dr. Safdar Mahmood |
| 9 (RLIN) | 54635 |
| 245 #4 - TITLE STATEMENT | |
| Title | The Constitution of Pakistan 1973 Comments and Comparison |
| Statement of responsibility, etc. | Dr. Safdar Mahmood |
| 300 ## - PHYSICAL DESCRIPTION | |
| Extent | 260 |
| 942 ## - ADDED ENTRY ELEMENTS (KOHA) | |
| Koha item type | Book |
| Source of classification or shelving scheme | |
| Withdrawn status | Lost status | Damaged status | Not for loan | Collection code | Permanent Location | Current Location | Shelving location | Date acquired | Total Checkouts | Full call number | Barcode | Date last seen | Price effective from | Koha item type |
|---|---|---|---|---|---|---|---|---|---|---|---|---|---|---|
| School of Chemical & Materials Engineering (SCME) | School of Chemical & Materials Engineering (SCME) | General Stacks | 09/15/4 | 342 M2141C | SCME-4562 | 04/30/2021 | 04/30/2021 | Book |
